000 00807cam a2200265 4500
008 000000n2000 000 0 eng u
020 _a0415242797
035 _a(Sirsi) u108849
041 _aeng
050 _a692.5
110 _aDavis Langdon and Everest
_91155
245 _aSpon's architects' and builders' price book 2001
250 _a126th ed.
260 _aLondon
_bE & F N Spon
_c2000
300 _axxxiv,981p. ; 24cm.
350 _a99.00
520 _aAlso available on CD-ROM which is not available for loan. Please ask at the enquiry desk for more details
650 _aARCHITECTS
650 _aBUILDERS
650 _aBUILT ENVIRONMENT-BUILDING COSTS
650 _aLABOUR COSTS
650 _aBUILDING PRICE BOOKS
690 _aBUILT ENVIRONMENT-BUILDING COSTS
942 _n0
999 _c100861
_d100861